Państwa według znanego człowieka #2 - Statystyki

Ogólne statystyki
  • Ten quiz został rozwiązany 38 razy
  • Średni wynik to 10 z 11
Statystyki odpowiedzi
Człowiek Państwo % Poprawnych
Kim Dzong Un Korea Północna
100%
Elżbieta II Wielka Brytania
97%
Pablo Picasso Hiszpania
95%
Justin Bieber Kanada
95%
Tutanchamon Egipt
92%
Usain Bolt Jamajka
92%
Vincent van Gogh Holandia
89%
Piotr Czajkowski Rosja
89%
Ursula von der Leyen Belgia
86%
Shakira Kolumbia
81%
Fidel Castro Kuba
81%
Nie znaleziono quizów pasujących do podanych kryteriów
Rozkład punktacji
Procent ludzi z każdym wynikiem
Percentyl według liczby udzielonych odpowiedzi
Twoja historia wyników
Nie rozwiązałeś tego quizu